[Event "Budapest FS03 IM-B"]
[Site "Budapest"]
[Date "1997.??.??"]
[Round "3"]
[White "Wiechert, Hans"]
[Black "Farago, Sandor"]
[Result "0-1"]
[WhiteElo "2210"]
[BlackElo "2250"]

1.d4 Nf6 2.c4 g6 3.g3 d6 4.Bg2 Bg7 5.Nf3 O-O 6.O-O c6 7.Nc3 a6 8.e4 b5 9.cxb5 axb5
10.e5 Ne8 11.Bf4 b4 12.Ne4 Be6 13.Qd2 Na6 14.h4 f6 15.exd6 exd6 16.Rfe1 Qd7
17.a3 b3 18.Rac1 Nac7 19.Nc3 Nd5 20.Bh6 Nec7 21.Bxg7 Kxg7 22.Nxd5 Bxd5 23.Nh2 Bxg2
24.Kxg2 Nd5 25.Nf1 f5 26.f4 Rab8 27.Qd3 Rfc8 28.Nd2 Qf7 29.Nf3 Nf6 30.Ng5 Qd5+
31.Qf3 Rb7 32.Qxd5 Nxd5 33.Re6 Rd7 34.h5 gxh5 35.Rh1 Nf6 36.Re3 Rb7 37.Rc1 h6
38.Ne6+ Kg6 39.Kf3 Ne4 40.Rd3 Kf6 41.d5 c5 42.Nd4 c4 43.Rdc3 Nxc3 44.Rxc3 Rc5
45.Nc6 Rxd5 46.Rxc4 Rd3+  0-1

[Event "Budapest FS12 IM-A"]
[Site "Budapest"]
[Date "1997.??.??"]
[Round "3"]
[White "Izsak, Gyula"]
[Black "Rodighiero, Giuseppe"]
[Result "1/2-1/2"]
[WhiteElo "2405"]
[BlackElo "2185"]

1.d4 Nf6 2.c4 g6 3.Nf3 Bg7 4.g3 O-O 5.Bg2 d6 6.Nc3 Nbd7 7.O-O e5 8.b3 Re8
9.e3 c6 10.Qc2 Qc7 11.Ba3 exd4 12.Nxd4 Nc5 13.Rad1 Bg4 14.Rd2 Rad8 15.h3 Bc8
16.Bb2 a5 17.Re1 Nfd7 18.Kh2 f5 19.a3 Nf6 20.b4 axb4 21.axb4 Nce4 22.Nxe4 Nxe4
23.Rdd1 Be5 24.Nf3 Bxb2 25.Qxb2 Be6 26.Bf1 d5 27.Nd4 Bf7 28.Rc1 dxc4 29.Bxc4 Bxc4
30.Rxc4 Qf7 31.Rc2 Ng5 32.Ree2 Qd5 33.Qa2 Ne6 34.Nxe6 Qxa2 35.Rxa2 Rxe6 36.Ra7 Re7
37.Rb2 Re5  1/2-1/2

[Event "Budapest FS04 IM"]
[Site "Budapest"]
[Date "1997.??.??"]
[Round "3"]
[White "Czebe, Attila"]
[Black "Grabics, Monika"]
[Result "1-0"]
[WhiteElo "2325"]
[BlackElo "2255"]

1.d4 Nf6 2.c4 g6 3.g3 Bg7 4.Bg2 O-O 5.Nf3 d6 6.O-O c6 7.Nc3 Qb6 8.Qc2 Bg4
9.Rd1 Re8 10.e4 e5 11.Be3 Qa5 12.h3 Bxf3 13.Bxf3 Nbd7 14.Bg2 b5 15.dxe5 dxe5
16.cxb5 cxb5 17.Qb3 Rab8 18.Nd5 Qa4 19.Rac1 Nxd5 20.Rxd5 Nf6 21.Rd6 h5 22.Rcc6 Nh7
23.Qd5 Nf8 24.Rc7 Ne6 25.Rxa7 Qc2 26.Rdd7 Red8 27.Qxe6 fxe6 28.Rxg7+ Kf8
29.Rh7 Kg8 30.Rag7+ Kf8 31.Bh6  1-0

[Event "Budapest FS06 IM"]
[Site "Budapest"]
[Date "1997.??.??"]
[Round "5"]
[White "Peredy, Ferenc"]
[Black "Senff, Martin"]
[Result "1/2-1/2"]
[WhiteElo "2200"]
[BlackElo "2250"]

1.d4 Nf6 2.Nf3 g6 3.c4 Bg7 4.g3 O-O 5.Bg2 d6 6.Nc3 c6 7.O-O Bf5 8.b3 Ne4
9.Nxe4 Bxe4 10.Bb2 d5 11.Qd2 a5 12.Rfd1 Nd7 13.cxd5 Bxd5 14.Ne1 Bxg2 15.Kxg2 Nb6
16.Rac1 a4 17.Qb4 Ra7 18.Nd3 axb3 19.axb3 Nd5 20.Qc4 Qd6 21.Kg1 Ra5 22.Nc5 Rb5
23.e3 h5 24.Ra1 h4 25.Ba3 hxg3 26.hxg3 Nxe3 27.fxe3 Qxg3+ 28.Kf1 Qf3+ 29.Kg1 Qxe3+
30.Kg2 Qg5+ 31.Kf1 Qf4+ 32.Ke2 b6 33.Nd3 Qxd4 34.Rf1 Rh5 35.Qxd4 Bxd4 36.Rad1 c5
37.Bc1 e5 38.Rh1 Rxh1 39.Rxh1 f5 40.Bh6 Ra8 41.Nc1 e4 42.Kd2 Kf7 43.Rh3 Be5
44.Ne2 Ra2+ 45.Kd1 Ra1+ 46.Kd2 Rf1 47.Ke3 Rb1 48.Kd2 Rb2+ 49.Kd1 Bf6 50.Be3 Kg8
51.Bc1 Rb1 52.Kc2 Ra1 53.Be3 Ra2+ 54.Kd1 Ra7 55.Nf4 Rg7 56.Bd2 b5 57.Ke2 c4
58.bxc4 bxc4 59.Ra3 c3 60.Bxc3 Bxc3 61.Rxc3 g5 62.Rc8+ Kh7 63.Ne6  1/2-1/2

[Event "Budapest FS12 IM-B"]
[Site "Budapest"]
[Date "1997.??.??"]
[Round "6"]
[White "Farago, Sandor"]
[Black "Mas, Hafizulhelmi"]
[Result "0-1"]
[WhiteElo "2330"]
[BlackElo "2370"]

1.d4 Nf6 2.Nf3 g6 3.c4 Bg7 4.g3 O-O 5.Bg2 d6 6.Nc3 Nbd7 7.O-O e5 8.h3 c6
9.e4 Re8 10.d5 Nc5 11.Ne1 cxd5 12.cxd5 Bd7 13.b4 Na6 14.Qb3 Nh5 15.Nd3 f5
16.Bd2 Rf8 17.Kh2 f4 18.Qd1 Qg5 19.Qe1 Bh6 20.Rd1 Rac8 21.g4 Qh4 22.f3 Ng3
23.Rf2 Bg5 24.a4 h5 25.Kg1 Kg7 26.b5 Nc5 27.Nxc5 Rxc5 28.Bc1 Bd8 29.Ba3 Bb6
30.Bxc5 Bxc5 31.Rd3 Rh8 32.g5 Bxh3 33.Nd1 Bd7 34.Rc3 Rc8 35.Rxc5 Rxc5 36.Qa5 Rc8
37.Rd2 Qxg5 38.Qxa7 Be8 39.Qb6 h4 40.Kh2 h3  0-1

[Event "Spring op"]
[Site "Budapest"]
[Date "1997.??.??"]
[Round "6"]
[White "Kopylov, Mihail"]
[Black "Zimmerman, Yuri"]
[Result "1-0"]
[WhiteElo "2365"]
[BlackElo "2410"]

1.d4 g6 2.Nf3 Bg7 3.c4 Nf6 4.g3 O-O 5.Bg2 d6 6.O-O Nc6 7.Nc3 a6 8.d5 Na5
9.Nd2 c5 10.Qc2 Rb8 11.b3 b5 12.Bb2 e5 13.dxe6 fxe6 14.cxb5 axb5 15.Nce4 Bb7
16.Rad1 Nd5 17.Bxg7 Kxg7 18.Nf3 Qe7 19.Nxd6 Qxd6 20.e4 Nc6 21.exd5 exd5 22.Rfe1 d4
23.Ng5 Nb4 24.Qxc5 Qxc5 25.Ne6+ Kf7 26.Nxc5 Bxg2 27.Rxd4 Bc6 28.Rxb4 Rfe8
29.Rf4+ Kg8 30.Rxe8+ Rxe8 31.Kf1 Ra8 32.Rf6 Rc8 33.Rd6 b4 34.Ke1 Bb5 35.Rd5 Re8+
36.Kd1 Bc6 37.Rd3 Ra8 38.Rd6 Bf3+ 39.Kd2 Rxa2+ 40.Ke3 Bg2 41.Rd4 Bf1 42.Rxb4 g5
43.Ne4 h6 44.Nd2 Bh3 45.g4 Kg7 46.f3 Rb2 47.Rc4 Ra2 48.Rc1 h5 49.Rg1 hxg4
50.fxg4 Ra8 51.Rg3 Rh8 52.Kf2 Bxg4 53.Rxg4 Rxh2+ 54.Rg2 Rh5 55.Nf3 Kf6 56.Rxg5 Rh1
57.Rd5 Ke6 58.Rd3  1-0

[Event "Budapest FS02 IM-B"]
[Site "Budapest"]
[Date "1997.??.??"]
[Round "6"]
[White "Juhasz, Mark"]
[Black "Kiss, Gergely"]
[Result "1/2-1/2"]
[WhiteElo "2240"]
[BlackElo "2205"]

1.d4 Nf6 2.c4 g6 3.Nf3 Bg7 4.g3 O-O 5.Bg2 d6 6.O-O Nc6 7.Nc3 a6 8.e4 Bg4
9.Be3 e5 10.d5 Ne7 11.Qd2 Qc8 12.Ne1 Bh3 13.f3 c5 14.dxc6 Nxc6 15.Rc1 Be6
16.Nd5 Qd8 17.Bb6 Qd7 18.Nc2 Rac8 19.Rfd1 Bxd5 20.cxd5 Nb8 21.Na3 Qe7 22.Bh3 Nbd7
23.Be3 Rxc1 24.Rxc1 Ne8 25.Qb4 b5 26.Rc6 f5 27.Rxa6 f4 28.gxf4 exf4 29.Bf2 Ne5
30.Qb3 Qg5+ 31.Bg2 Nf6 32.h4 Qh5 33.Nxb5 Rc8 34.Rc6 Nxc6 35.dxc6+ d5 36.exd5 Qxd5
37.Qxd5+ Nxd5 38.c7 Ne7 39.Bh3 Nf5 40.Bb6 Bxb2 41.Bxf5 gxf5 42.Nd6 Bd4+ 43.Bxd4 Rxc7
44.a3 Rc2 45.Nxf5 Kf7 46.Bb6 Rc3 47.a4 Rxf3 48.a5 Kg6 49.Nd4 Ra3 50.Nb5 Rb3
51.Nc7 Kh5 52.a6 Rxb6 53.a7 Rb1+ 54.Kg2 Ra1  1/2-1/2

[Event "Budapest FS02 GM"]
[Site "Budapest"]
[Date "1997.??.??"]
[Round "7"]
[White "Lingnau, Carsten"]
[Black "Peter, Ambrus"]
[Result "1-0"]
[WhiteElo "2395"]
[BlackElo "2455"]

1.Nf3 d6 2.d4 Nf6 3.c4 g6 4.g3 Bg7 5.Bg2 O-O 6.O-O Nbd7 7.Nc3 e5 8.e4 c6
9.h3 Qb6 10.Re1 exd4 11.Nxd4 Re8 12.Nc2 Nc5 13.Rb1 Ng4 14.hxg4 Bxc3 15.Re3 Be5
16.b3 a5 17.Bd2 Bg7 18.g5 a4 19.b4 Nd7 20.Re1 Ne5 21.Be3 Qc7 22.Na3 Bg4 23.f3 Be6
24.Qc2 f6 25.gxf6 Bxf6 26.Rbd1 Qf7 27.f4 Ng4 28.Bd4 Bxd4+ 29.Rxd4 c5 30.bxc5 dxc5
31.Rd6 g5 32.Qd2 gxf4 33.gxf4 Rf8 34.Re2 Bxc4 35.Nxc4 Qxc4 36.Bf3 h5 37.Rg2 Rf7
38.Bxg4  1-0

[Event "Budapest FS03 IM-B"]
[Site "Budapest"]
[Date "1997.??.??"]
[Round "7"]
[White "Ellers, Holger"]
[Black "Gara, Anita"]
[Result "1-0"]
[WhiteElo "2260"]
[BlackElo "2285"]

1.d4 Nf6 2.Nf3 g6 3.c4 Bg7 4.g3 O-O 5.Bg2 d6 6.Nc3 Nc6 7.d5 Na5 8.b3 c5 9.Bb2 a6
10.O-O Rb8 11.Nd2 b5 12.Qc2 e5 13.Rab1 Nh5 14.e4 f5 15.exf5 gxf5 16.Ne2 f4
17.Bf3 Qg5 18.Nc3 Bh3 19.Nce4 Qg6 20.Rfe1 Rf5 21.Kh1 Rbf8 22.g4 Bxg4 23.Bxg4 Qxg4
24.Rg1 Qh4 25.Nf3 Qe7 26.Rg5 Qd7 27.Nxd6 Rxg5 28.Nxg5 Bf6 29.Nde4 Qf5 30.Rg1 Bg7
31.Ne6 Rf7 32.Rg5 Qh3 33.Qc3 Qf1+ 34.Rg1 Qe2 35.N4g5 b4 36.Qf3 Qxf3+ 37.Nxf3 e4
38.Nxg7 Nxg7 39.Ng5 Nf5 40.Ne6+  1-0

[Event "Honved"]
[Site "Budapest"]
[Date "1997.??.??"]
[Round "9"]
[White "Csom, Istvan"]
[Black "Videki, Sandor"]
[Result "1-0"]
[WhiteElo "2460"]
[BlackElo "2375"]

1.c4 g6 2.d4 Bg7 3.Nf3 Nf6 4.g3 O-O 5.Bg2 d6 6.Nc3 Nc6 7.O-O a6 8.b3 Rb8
9.Bb2 b5 10.cxb5 axb5 11.Rc1 b4 12.Nb1 Na7 13.Qc2 c6 14.Nbd2 Ba6 15.Nc4 Nd7
16.Ne1 c5 17.dxc5 Nxc5 18.Bxg7 Kxg7 19.Qd2 Kg8 20.Nf3 Bb7 21.Rfd1 Qc7 22.Ne3 Qa5
23.Rc4 Ne4 24.Qxb4 Qxb4 25.Rxb4 Nc3 26.Rd2 Ba6 27.Rxb8 Rxb8 28.Bf1 Rc8 29.Nd4 d5
30.Ndc2 Nxa2 31.Nxd5 Kf8 32.Nd4 Nc3 33.Nxc3 Rxc3 34.Rc2 Nb5 35.e3 Nxd4 36.Rxc3 Nf3+
37.Kg2 Ne1+ 38.Kh1 Bxf1 39.Rc1 Bg2+ 40.Kg1 Bd5 41.Rxe1 Bxb3 42.f3 f6 43.Kf2 Kf7
44.Rc1 Ba2 45.Rc5 Bb3 46.Ke2 Ba2 47.Kd3 Bb3 48.f4 Ba2 49.Kd4 Bb3 50.Rc6 Ba2
51.Kc5 Bb1 52.Kd4 Ba2 53.Rb6 Be6 54.e4 Bh3 55.e5 Be6 56.Ke4 h5 57.exf6 Kxf6
58.f5 gxf5+ 59.Kf4  1-0

[Event "Budapest FS06 IM"]
[Site "Budapest"]
[Date "1997.??.??"]
[Round "9"]
[White "Czebe, Attila"]
[Black "Horvath, Gabor"]
[Result "1-0"]
[WhiteElo "2325"]
[BlackElo "2280"]

1.d4 Nf6 2.c4 g6 3.Nf3 Bg7 4.g3 O-O 5.Bg2 d6 6.O-O Nbd7 7.d5 Nb6 8.Nfd2 e6
9.Nc3 Re8 10.Qc2 exd5 11.cxd5 Bg4 12.e4 Qd7 13.a4 a5 14.b3 c6 15.f3 cxd5
16.fxg4 Rac8 17.Qd3 Nxg4 18.Bb2 dxe4 19.Ndxe4 d5 20.Ng5 Re3 21.Qd1 f5 22.Nxd5 Bxb2
23.Rb1 Qd8 24.Rxb2 Qxg5 25.Nxb6 Rd8 26.Rd2 Rde8 27.Nd5 f4 28.Nxe3 Nxe3 29.Qf3 Qc5
30.Kh1 Nxf1 31.Qxf1 fxg3 32.Bd5+ Kg7 33.hxg3 Rf8 34.Qa1+ Kh6 35.Qd4 Qc1+
36.Kh2 Qf1 37.Bg2 Qf5 38.Qh4+ Kg7 39.Bh3  1-0

[Event "Budapest FS12 IM-A"]
[Site "Budapest"]
[Date "1997.??.??"]
[Round "9"]
[White "Izsak, Gyula"]
[Black "Colovic, Aleksandar"]
[Result "1-0"]
[WhiteElo "2405"]
[BlackElo "2360"]

1.d4 Nf6 2.Nf3 g6 3.c4 Bg7 4.g3 O-O 5.Bg2 d6 6.Nc3 Nbd7 7.O-O e5 8.b3 Qe7
9.e3 Re8 10.Re1 Nf8 11.h3 h5 12.e4 exd4 13.Nxd4 Ne6 14.Nxe6 Bxe6 15.Bb2 c6
16.Qd2 Qc7 17.Rac1 Qa5 18.Qxd6 Bh6 19.Rc2 Rad8 20.Qa3 Qxa3 21.Bxa3 Rd2 22.Re2 Rxc2
23.Rxc2 h4 24.g4 Nd7 25.Bd6 g5 26.Ne2 Bf8 27.Bxf8 Kxf8 28.Rd2 Ke7 29.f3 f6
30.Kf2 a5 31.Nc3 Nc5 32.Bf1 Ra8 33.Ke3 Bf7 34.f4 Re8 35.f5 Nd7 36.Na4 b6
37.Bg2 Rd8 38.Nb2 Ne5 39.Nd3 Rd6 40.Bf1 c5 41.Nxe5 fxe5 42.Bd3 Kf6 43.a3 Rd4
44.Rb2 Bg8 45.Kd2 a4 46.Kc3 b5 47.cxb5 axb3 48.b6 c4 49.Be2 Rd6 50.b7 Rb6
51.Bxc4 Bxc4 52.Kxc4 Rxb7 53.Rxb3 Rc7+ 54.Kd5 Rd7+ 55.Kc5 Rc7+ 56.Kd6 Rc4
57.Rb6 Rd4+ 58.Kc5+ Kf7 59.Rg6 Rxe4 60.Kd5 Re3 61.Rxg5 Rxa3 62.Rh5 Rxh3 63.Kxe5 Rh1
64.Kf4 h3 65.Kg5 h2 66.f6 Ke6 67.Rh7 Kd6 68.Kg6 Rg1 69.Rxh2 Rxg4+ 70.Kf7 Rf4
71.Re2 Rf1 72.Kg7 Kd7 73.f7 Rg1+ 74.Kf8 Rf1 75.Re7+ Kd6 76.Ke8  1-0

[Event "Budapest FS02 IM-B"]
[Site "Budapest"]
[Date "1997.??.??"]
[Round "10"]
[White "Juhasz, Mark"]
[Black "Kerek, Csaba"]
[Result "1-0"]
[WhiteElo "2240"]
[BlackElo "2200"]

1.d4 Nf6 2.c4 g6 3.Nf3 Bg7 4.g3 O-O 5.Bg2 d6 6.O-O c6 7.Nc3 Qa5 8.e4 Bg4
9.h3 Bxf3 10.Bxf3 e5 11.d5 cxd5 12.cxd5 Nbd7 13.Rb1 Rfe8 14.Be3 b5 15.b4 Qa6
16.Qd3 Rab8 17.a4 Nb6 18.Qxb5 Qb7 19.Rfc1 Qe7 20.Qa6 Nc4 21.Nb5 Qd7 22.Nxa7  1-0

[Event "Budapest FS02 IM"]
[Site "Budapest"]
[Date "1997.??.??"]
[Round "13"]
[White "Pinski, Jan"]
[Black "De Santis, Alessio"]
[Result "0-1"]
[WhiteElo "2245"]
[BlackElo "2255"]

1.c4 g6 2.g3 d6 3.Bg2 Bg7 4.Nf3 Nf6 5.d4 O-O 6.O-O Nc6 7.Nc3 Bf5 8.d5 Na5
9.Nd2 c5 10.e4 Bg4 11.f3 Bd7 12.Rb1 Qc8 13.a3 a6 14.Qc2 b5 15.b3 Rb8 16.Bb2 e5
17.Nd1 bxc4 18.bxc4 Bh6 19.f4 Nh5 20.Bc3 Rxb1 21.Qxb1 Qc7 22.fxe5 dxe5 23.Qd3 Rb8
24.d6 Qb6 25.Nf3 Be6 26.Nxe5 Nb3 27.Ne3 Nd4 28.N5g4 Bxe3+ 29.Nxe3 Qxd6 30.Nd5 Rb3
31.Qd1 Bxd5 32.Bxd4 Bxc4 33.Bf2 Qxd1 34.Rxd1 Rxa3 35.Bxc5 Rd3 36.Rc1 Bb5
37.Be7 f6 38.e5 fxe5 39.Bh3 Kf7 40.Bb4 Nf6 41.Rc8 Nd5 42.Bd6 e4 43.Rf8+ Kg7
44.Rf1 Rf3 45.Rxf3 exf3 46.Be6 Nf6 47.Be5 g5 48.Kf2 Bc6 49.Bg4 Kg6 50.Bxf3 Bxf3
51.Kxf3 Kf5 52.Bc3 g4+ 53.Kg2 Nd5 54.Ba5 Ke5 55.h3 Ne3+ 56.Kh2 h5 57.hxg4 hxg4  0-1

[Event "Buenos Aires op"]
[Site "Buenos Aires"]
[Date "1997.??.??"]
[Round "2"]
[White "Valerga, Diego"]
[Black "Zahnstecher, Gustavo"]
[Result "1-0"]
[WhiteElo "2445"]
[BlackElo "2135"]

1.d4 Nf6 2.c4 g6 3.Nf3 Bg7 4.g3 O-O 5.Bg2 d6 6.O-O Nbd7 7.Nc3 e5 8.e4 c6
9.h3 Qb6 10.c5 dxc5 11.dxe5 Ne8 12.Qc2 Nc7 13.Na4 Qb5 14.Rd1 Ne6 15.Be3 Re8
16.Rab1 Nxe5 17.Nxe5 Bxe5 18.Nxc5 Nxc5 19.Bxc5 Be6 20.f4 Bc7 21.b4 Qc4 22.Qxc4 Bxc4
23.a4 Rad8 24.e5 Bd3 25.Rb2 f6 26.exf6 b6 27.Be7 Bf5 28.Bxd8 Rxd8 29.Rc1 c5
30.bxc5 bxc5 31.Rb7 Bb6 32.a5 Bxa5 33.Rg7+ Kh8 34.Rxa7 Bd2 35.Rd1 Kg8 36.Ra8 Be3+
37.Kh2 Rxa8 38.Bxa8 Kf7 39.Rd6 Be6 40.Bc6 Bd4 41.Kg2 Bxf6 42.Bd5 Bxd5+ 43.Rxd5 Be7
44.Kf3 Ke6 45.Ke4 Bd6 46.Rd1 h5 47.Ra1 Be7 48.Ra6+ Kf7 49.Ke5 Bf8 50.Ra7+ Be7
51.Rc7  1-0

[Event "Cairo-B"]
[Site "Cairo"]
[Date "1997.??.??"]
[Round "8"]
[White "Timoshenko, Georgy"]
[Black "Hakki, Imad"]
[Result "1-0"]
[WhiteElo "2510"]
[BlackElo "2395"]

1.d4 Nf6 2.c4 g6 3.Nf3 Bg7 4.g3 O-O 5.Bg2 d6 6.O-O Nbd7 7.Nc3 e5 8.e4 exd4
9.Nxd4 Re8 10.h3 c6 11.Re1 Qe7 12.Be3 Nc5 13.f4 a5 14.Bf2 Nfd7 15.b3 Nf8
16.Qd2 Bd7 17.Rad1 Rad8 18.g4 h6 19.Nce2 a4 20.b4 Nce6 21.Nf3 Bc8 22.Bb6 Rd7
23.a3 Nh7 24.Qc2 Qf8 25.f5 gxf5 26.gxf5 Neg5 27.Nd2 Nf6 28.Ng3 Qe7 29.Ndf1 h5
30.h4 Ngh7 31.Qe2 Ng4 32.Nxh5 Qxh4 33.Nxg7 Kxg7 34.Rd3 Ne5 35.Rh3 Qf6 36.Ng3 Kh8
37.Nh5 Qg5 38.Be3 Qe7 39.f6 Qf8 40.Ng7 Rdd8 41.Rh4 Be6 42.Qh5 Qg8 43.Nf5 Bxf5
44.exf5 Ng6 45.fxg6  1-0

[Event "Cairo-B"]
[Site "Cairo"]
[Date "1997.??.??"]
[Round "9"]
[White "Csom, Istvan"]
[Black "Yasseen, Aly"]
[Result "1-0"]
[WhiteElo "2460"]
[BlackElo "2370"]

1.c4 g6 2.d4 Nf6 3.g3 Bg7 4.Bg2 d6 5.Nf3 O-O 6.Nc3 c6 7.O-O Nbd7 8.h3 Qc7
9.Be3 e5 10.Rc1 Nh5 11.g4 Nf4 12.Bxf4 exf4 13.Qd2 h6 14.Qxf4 g5 15.Qg3 f5
16.gxf5 Rxf5 17.c5 Bf8 18.Ne4 Nf6 19.Nxd6 Nh5 20.Qh2 Nf4 21.e3 Ne2+ 22.Kh1 Nxc1
23.Nxf5 Qxh2+ 24.Kxh2 Nxa2 25.Nd6 Bxd6+ 26.cxd6 Kf7 27.Ne5+ Ke6 28.Nd3 Kxd6
29.Ra1 Bf5 30.e4 Be6 31.d5  1-0

[Event "Goodricke op"]
[Site "Calcutta"]
[Date "1997.??.??"]
[Round "10"]
[White "Marin, Mihail"]
[Black "Thipsay, Praveen Mahadeo"]
[Result "0-1"]
[WhiteElo "2545"]
[BlackElo "2460"]

1.Nf3 d6 2.c4 g6 3.d4 Nf6 4.g3 Bg7 5.Bg2 O-O 6.O-O Nbd7 7.Nc3 e5 8.e4 c6
9.b3 exd4 10.Nxd4 Re8 11.h3 Nc5 12.Re1 Bd7 13.Bf4 Qb6 14.Be3 Rad8 15.Qc2 Bc8
16.Rab1 Qc7 17.Rbd1 a6 18.f4 Qa5 19.Bf2 h5 20.Qb2 Ncxe4 21.b4 Qc7 22.Bxe4 Nxe4
23.Nxe4 c5 24.Qd2 cxd4 25.Bxd4 Qxc4 26.Nf6+ Bxf6 27.Bxf6 Bxh3 28.Qxd6 Qxa2
29.Rxe8+ Rxe8 30.Rd2 Qe6 31.Qxe6 Bxe6 32.Kf2 Kh7 33.Rd6 Bg4 34.Be5 Re6 35.Rd8 f6
36.Bd4 g5 37.fxg5 Re2+ 38.Kf1 fxg5 39.Rb8 Re7 40.Rh8+ Kg6 41.Rg8+ Kh6 42.Rh8+ Rh7
43.Rf8 h4 44.gxh4 gxh4 45.Rg8 Kh5 46.Kg2 Be6 47.Re8 Bd7 48.Rg8 Rf7 49.Be3 Bc6+
50.Kh2 Rf5 51.Rg7 Rd5 52.Kh3 Bd7+ 53.Kg2 Rd3 54.Kf3 h3 55.Ke4 Rd1 56.Bf4 Re1+
57.Kf3 Bc6+ 58.Kf2 Re4 59.Kg3 Rxb4 60.Rh7+ Kg6 61.Rxh3 Kf5 62.Rh5+ Ke4 63.Bc7 Kd3
64.Rc5 Be4 65.Kf4 b5 66.Ke5 Rc4 67.Bd6 Rxc5+ 68.Bxc5 a5  0-1

[Event "Calimanesti op"]
[Site "Calimanesti"]
[Date "1997.??.??"]
[Round "?"]
[White "Itkis, Boris"]
[Black "Istratescu, Andrei"]
[Result "1/2-1/2"]
[WhiteElo "2440"]
[BlackElo "2545"]

1.d4 Nf6 2.Nf3 g6 3.c4 Bg7 4.g3 O-O 5.Bg2 d6 6.Nc3 Nc6 7.O-O a6 8.h3 Rb8
9.Be3 Bd7 10.Rc1 e6  1/2-1/2

[Event "Cannes op-B 18th"]
[Site "Cannes"]
[Date "1997.??.??"]
[Round "6"]
[White "Bukal, Vladimir Sr"]
[Black "Zelenika, Srdjan"]
[Result "1/2-1/2"]
[WhiteElo "2395"]
[BlackElo "2270"]

1.d4 Nf6 2.c4 g6 3.g3 Bg7 4.Bg2 d6 5.Nf3 O-O 6.O-O Nbd7 7.Nc3 e5 8.e4 c6
9.h3 exd4 10.Nxd4 Re8 11.Re1 Qa5 12.a3 Ne5 13.Bf1 Be6 14.Nxe6 Rxe6 15.Be3 Nxe4
16.Bd4 Nxc3 17.Bxc3 Qb6 18.Bg2 Rae8 19.Qc2 Nd7 20.Rxe6 Rxe6 21.Bxg7 Kxg7
22.Rd1 Qa5 23.Kh2 Nb6 24.Rd4 Qe1 25.Re4 Rxe4 26.Bxe4 d5 27.cxd5 cxd5 28.Bf3 Qe5
29.b3 Qd4 30.Bg2 Nd7 31.Qc7 Nf6 32.Qxb7 Qxf2 33.b4 h5 34.a4 h4 35.gxh4 Qf4+
36.Kg1 Qe3+ 37.Kh1 Qe1+ 38.Kh2 Qe5+ 39.Kh1 Qa1+ 40.Kh2 Qxa4 41.Bxd5 Nxd5
42.Qxd5 Qxb4 43.Qe5+ Kh7 44.h5 Qd2+ 45.Kg3 Qd3+ 46.Kh2 Qc2+ 47.Kg3 Qf5 48.hxg6+ Kxg6
49.Qd6+ Kh7 50.Qd4 a5 51.Kh2 f6 52.Qh4+ Kg7 53.Qg3+ Qg5 54.Qc7+ Kh6 55.Qd8 Qe5+
56.Kg2 Qg5+ 57.Kh2 Qf4+ 58.Kg2 a4 59.Qh8+ Kg6 60.Qg8+ Kf5 61.Qd5+ Kg6 62.Qg8+ Kh5
63.Qe8+ Kh4 64.Qh8+ Kg5  1/2-1/2

[Event "Cannes op 18th"]
[Site "Cannes"]
[Date "1997.??.??"]
[Round "7"]
[White "Vasovski, Nikola"]
[Black "Bernard, Christophe"]
[Result "1/2-1/2"]
[WhiteElo "2345"]
[BlackElo "2365"]

1.d4 Nf6 2.c4 g6 3.Nf3 Bg7 4.g3 O-O 5.Bg2 d6 6.O-O c6 7.Nc3 Qa5 8.h3 Be6
9.d5 cxd5 10.Nd4 dxc4 11.Nxe6 fxe6 12.Bxb7 Nbd7 13.Bxa8 Rxa8 14.e4 Rb8 15.Qe2 Ne5
16.Rb1 Nfd7 17.Kg2 Nd3 18.Be3 N7c5 19.Qc2 Rc8 20.f3 Nxb2 21.Qxb2 Bxc3 22.Qb5 Qxb5
23.Rxb5 a6 24.Rb6 Kf7 25.Rc1 Ba5 26.Bxc5 Rxc5 27.Rxa6 d5 28.Kf2 d4 29.Ke2 d3+
30.Kd1 c3 31.Rxa5 c2+ 32.Kd2 Rxa5 33.Kxd3 Ra3+ 34.Ke2 Rxa2 35.e5 g5 36.g4 Rb2
37.Kd2 Rb3 38.Rxc2 Rxf3 39.Rc3 Rf2+ 40.Ke3 Rh2 41.Kd4 Rh1 42.Ra3 Kg6 43.Ke4 h5
44.gxh5+ Kxh5 45.Ra6 Re1+ 46.Kd4 Kh4 47.Rxe6 Kxh3 48.Rxe7 g4 49.Rh7+ Kg2
50.Kd5 g3 51.e6 Kf2  1/2-1/2

[Event "Ceske Budejovice op"]
[Site "Ceske Budejovice"]
[Date "1997.??.??"]
[Round "2"]
[White "Matlak, Marek"]
[Black "Slugin, Sergey"]
[Result "1-0"]
[WhiteElo "2445"]
[BlackElo "2305"]

1.d4 Nf6 2.Nf3 g6 3.c4 Bg7 4.g3 O-O 5.Bg2 d6 6.O-O Nc6 7.Nc3 a6 8.d5 Na5
9.b3 c5 10.dxc6 Nxc6 11.Bb2 Ne4 12.Qc1 Nxc3 13.Bxc3 Bxc3 14.Qxc3 Qa5 15.Qe3 Bd7
16.Rfd1 Rfd8 17.Rd5 Qa3 18.Rd2 Rab8 19.Rad1 Be8 20.Qh6 f6 21.Nd4 Bd7 22.Nxc6 bxc6
23.Rd4 Rf8 24.Qe3 Rf7 25.R4d2 Qb4 26.Qa7 Qb7 27.Qxb7 Rxb7 28.c5 d5 29.e4 e6
30.Bf1 a5 31.Rd4 Rf8 32.Ra4 Ra8 33.f4 Rb4 34.Rd4 Rxd4 35.Rxd4 e5 36.fxe5 fxe5
37.Ra4 Be6 38.exd5 cxd5 39.b4 d4 40.b5 Bf5 41.b6 Be4 42.Bg2 Bxg2 43.Kxg2 Rf8
44.c6 d3 45.Rxa5 e4 46.Rd5  1-0

[Event "Ceske Budejovice op"]
[Site "Ceske Budejovice"]
[Date "1997.??.??"]
[Round "6"]
[White "Matlak, Marek"]
[Black "Krapivin, Vladislav"]
[Result "1/2-1/2"]
[WhiteElo "2445"]
[BlackElo "2300"]

1.d4 Nf6 2.Nf3 g6 3.c4 Bg7 4.g3 O-O 5.Bg2 d6 6.O-O c6 7.b3 e5 8.dxe5 dxe5
9.Ba3 Qxd1 10.Rxd1 Re8 11.Nc3 Nbd7 12.Rac1 Bf8 13.Bxf8 Kxf8 14.Nd2 Ke7 15.b4 Rb8
16.c5 a6 17.Nc4 Ng8 18.Rd2 f6 19.Ne4 Nf8 20.Ned6 Rd8 21.Na5 Ne6 22.Rcd1 Kf8
23.Bxc6 bxc6 24.Nxc6 Rxd6 25.Nxb8 Rxd2 26.Rxd2 Nd4 27.f4 Ne7 28.fxe5 fxe5
29.Kf2 Ke8 30.a4 Ne6 31.Ke1 Nd4 32.Kf2 Ne6 33.Ke1 Nd4 34.Kf2  1/2-1/2

[Event "Ceske Budejovice op"]
[Site "Ceske Budejovice"]
[Date "1997.??.??"]
[Round "8"]
[White "Matlak, Marek"]
[Black "Dumitrescu, Dragos"]
[Result "1/2-1/2"]
[WhiteElo "2445"]
[BlackElo "2410"]

1.d4 Nf6 2.Nf3 g6 3.c4 Bg7 4.g3 O-O 5.Bg2 d6 6.O-O Nc6 7.Nc3 a6 8.d5 Na5
9.b3 c5 10.dxc6 bxc6 11.Bb2 Rb8 12.Qd2 c5 13.Rad1 Bf5 14.Ne1 Ng4 15.Na4 Bxb2
16.Nxb2 Qc7 17.Ned3 Nf6 18.Na4 Nc6 19.Nc3 Qc8 20.Rfe1 Bg4 21.Bxc6 Qxc6 22.f3 Bc8
23.Nf4 Bb7 24.Nfd5 Nxd5 25.Nxd5 Qd7 26.e4 Bxd5 27.exd5 Rb7 28.Re4 Qf5 29.Kg2 Ra8
30.Rde1 Qf6 31.Qa5 Kf8 32.R1e2 Qg5 33.Qc3 Qf6 34.Qa5 Qg5 35.R4e3 Qf6 36.h4 Qf5
37.Qc3 Qf6 38.Qa5 Qf5 39.g4 Qf6 40.g5 Qh8 41.Qe1 Raa7 42.Qg3 Qd4 43.Re4 Qc3
44.R4e3 Qd4 45.Re4 Qc3 46.R4e3  1/2-1/2

[Event "Cherkessk"]
[Site "Cherkessk"]
[Date "1997.??.??"]
[Round "10"]
[White "Doroshkievich, Vladimir K"]
[Black "Petrushin, Alexander I"]
[Result "0-1"]
[WhiteElo "2385"]
[BlackElo "2415"]

1.d4 Nf6 2.c4 g6 3.Nf3 Bg7 4.g3 O-O 5.Bg2 d6 6.O-O Nbd7 7.Qc2 e5 8.Rd1 exd4
9.Nxd4 Nb6 10.c5 dxc5 11.Ne6 Bxe6 12.Rxd8 Rfxd8 13.Nc3 c6 14.Bg5 Nc4 15.Na4 b6
16.Bxc6 Rac8 17.Bb5 Rd4 18.Rd1 Rcd8 19.Rxd4 Rxd4 20.Nc3 Nxb2 21.e4 Nc4 22.Bc1 Ne5
23.Be2 Bg4 24.Bf4 Nf3+ 25.Kh1 Nxe4 26.Nxe4 Ne1 27.Qb2 Rxe4 28.Qd2 h5 29.Be3 Nf3
30.Qd8+ Kh7 31.h3 Nd4 32.Bd3 Bf3+ 33.Kh2 Re6 34.Bc4 Rf6 35.Qd7 Bc6 36.Qc7 Nf3+
37.Kg2 Ne5+ 38.Kf1 Nxc4 39.Bg5 Re6 40.Qxf7 Bd5 41.Qxa7 Ne5 42.Bd8 Bc4+ 43.Kg2 Bd5+
44.Kf1 Nf3 45.Kg2 Re1  0-1

[Event "Ciego de Avila"]
[Site "Ciego de Avila"]
[Date "1997.??.??"]
[Round "11"]
[White "Rivera, Alberto"]
[Black "Paneque, Pedro"]
[Result "0-1"]
[WhiteElo "2420"]
[BlackElo "2345"]

1.d4 Nf6 2.Nf3 g6 3.c4 Bg7 4.g3 O-O 5.Bg2 d6 6.O-O c6 7.Nc3 Bf5 8.Nh4 Be6
9.d5 Bd7 10.e4 Na6 11.h3 Rc8 12.Be3 cxd5 13.cxd5 Rc4 14.Rc1 Qc7 15.Re1 Qb8
16.Qd2 Nc5 17.f3 a5 18.Bf1 Rb4 19.g4 Rc8 20.Ng2 Be8 21.Rc2 Nfd7 22.Rec1 Ne5
23.Ne1 Bd7 24.Kg2 b5 25.b3 f5 26.exf5 gxf5 27.Be2 fxg4 28.hxg4 Rf8 29.Nd1 Qe8
30.Nf2 Qg6 31.Rxc5 dxc5 32.Ned3 Nxf3 33.Bxf3 Bxg4 34.Bxg4 Rxg4+ 35.Nxg4 Qxg4+
36.Kh1 Qh3+ 37.Kg1 Qg3+ 38.Kh1 Rf3 39.Qh2 Qxh2+ 40.Kxh2 Rxe3 41.Nxc5 Re2+
42.Kh3 Rxa2 43.Ne6 Bf6 44.Rc8+ Kf7 45.Kg4 Rg2+ 46.Kf3 Rb2 47.Kg4 h5+ 48.Kxh5 Rh2+
49.Kg4 Rh4+ 50.Kf3 Rb4 51.Rf8+ Kg6 52.d6 exd6 53.Nf4+ Kg5 54.Nd5 Rxb3+ 55.Ke4 Be5
56.Rg8+ Kh6 57.Ne7 Kh7 58.Rg1 Rh3 59.Kd5 a4 60.Nc6 a3 61.Nxe5 dxe5 62.Rb1 a2
63.Ra1 Rh2 64.Kxe5 b4  0-1

[Event "Capablanca 32th Premier-A"]
[Site "Cienfuegos"]
[Date "1997.??.??"]
[Round "1"]
[White "Rivera, Alberto"]
[Black "Moreno, Alejandro"]
[Result "1/2-1/2"]
[WhiteElo "2440"]
[BlackElo "2390"]

1.d4 Nf6 2.Nf3 g6 3.c4 Bg7 4.g3 d6 5.Bg2 O-O 6.O-O Nbd7 7.Nc3 a6 8.e4 c5
9.Re1 cxd4 10.Nxd4 Nc5 11.h3 Bd7 12.Be3 Qa5 13.Rb1 Na4 14.Nxa4 Bxa4 15.b4 Bxd1
16.bxa5 Ba4 17.Rxb7 e5 18.Nb3 Rfc8 19.Nd2 Nd7 20.Rbb1 Bf6 21.Bf1 Bd8 22.Nb3 Rab8
23.Bd2 Nc5 24.Nxc5 dxc5 25.Bc3 Bc7 26.f3 Rd8 27.Kf2 Kf8 28.Ke3 Ke7 29.Bd3 Rxb1
30.Rxb1 Rb8 31.Rh1 Rd8 32.h4 f6 33.Be2 Bc6  1/2-1/2

[Event "Capablanca 32th Premier-A"]
[Site "Cienfuegos"]
[Date "1997.??.??"]
[Round "6"]
[White "Rivera, Alberto"]
[Black "Rohl, Juan"]
[Result "1/2-1/2"]
[WhiteElo "2440"]
[BlackElo "2415"]

1.d4 Nf6 2.Nf3 g6 3.c4 Bg7 4.g3 O-O 5.Bg2 d6 6.Nc3 Nc6 7.d5 Na5 8.Nd2 c5
9.O-O Rb8 10.Qc2 a6 11.b3 b5 12.Rb1 bxc4 13.bxc4 Rxb1 14.Ncxb1 Bd7 15.Bb2 Qc7
16.Ba3 Rb8  1/2-1/2